Podaj państwo na daną literę - Statystyki

Ogólne statystyki
  • Ten quiz został rozwiązany 125 razy
  • Średni wynik to 23 z 24
Statystyki odpowiedzi
Hint Odpowiedź % Poprawnych
A Armenia|Afganistan|Albania|Andora|Algieria|Antigua i barbuda|Angola|Arabia saudyjska| Argentyna|Australia|Azerbejdżan|Austria
100%
B Bahamy|Bahrajn|Bangladesz|Barbados|Belgia|Belize|Benin|Bhutan|Białoruś|Birma|Boliwia| Bośnia i hercegowina|Botswana|Brazylia|Brunei |Bułgaria|Burkina faso|Burundi
99%
C Chile|Chorwacja|Cypr|Czarnogóra|Czad|Czechy
99%
D Dania|Demokratyczna republika konga|Dominika|Dominikana|Dżibuti
97%
E Egipt|Ekwador|Erytrea|Estonia|Etiopia
97%
I Indie|Indonezja|Irak|Iran|Irlandia|Islandia|Izrael
97%
J Jamajka|Japonia|Jemen|Jordania
97%
K Kambodża|Kamerun|Kanada|Katar|Kazachstan|Kenia|Kirgistan|Kiribati|Kolumbia|Komory|Kongo| Korea południowa|Korea północna|Kosowo|Kosta ryka|Kuba|Kuwejt
97%
F Fidzi|Filipiny|Finlandia|Francja
96%
G Gabon|Gambia|Ghana|Grecja|Grenada|Gruzja|Gujana|Gwatemala|Gwinea|Gwinea Równikowa|Gwinea Bissau
96%
H Haiti|Hiszpania|Holandia|Honduras
96%
Ł Łotwa
96%
M Macedonia północna|Madagaskar|Malawi|Malediwy|Malezja|Mali|Malta|Maroko|Mauretania|Mauritius| Meksyk|Mikronezja|Mołdawia|Monako|Mongolia| Mozambik
96%
N Namibia|Nauru|Nepal|Niemcy|Niger|Nigeria|Nikaragua|Norwegia|Nowa zelandia
96%
P Pakistan|Palau|Panama|Paua nowa gwinea|Paragwaj|Peru|Polska|Portugalia
96%
U Uganda|Ukraina|Urugwaj|Uzbekistan
96%
L Laos|Lestoho|Liban|Liberia|Libia|Liechtenstein|Litwa|Luksemburg
95%
O Oman
95%
S Saint kitts i nevis|Saint lucia|Saint vincent i grenadyny|Salwador|Samoa|San marino|Senegal|Serbia Seszele|Sierra leone|Singapur|Słowacja|Słowenia| Somalia|Sri lanka|Stany zjednoczone|Suazi|Sudan |Surinam|Syria|Szwajcaria|Szwecja
94%
T Tadżykistan|Tajlandia|Tajwan|Tanzania|Timor wschodni|Togo|Tonga|Trynidad i tobago|Tunezja|Turcja|Turk menistan|Tuvalu
94%
Z Zambia|Zjednoczone emiraty arabskie|Zimbabwe
94%
R Republika południowej afryki|Republika środkowoafrykańska|Republika zielonego przylądka|Rosja|Rumunia| Rwanda
93%
W Watykan|Wenezuela|Węgry|Wielka brytania|Wietnam|Włochy|Wybrzeże kości słoniowej|Wyspy marshalla| Wyspy salomona|Wyspy świętego tomasza i ksiażęca
93%
V Vanuatu
72%
Nie znaleziono quizów pasujących do podanych kryteriów
Rozkład punktacji
Procent ludzi z każdym wynikiem
Percentyl według liczby udzielonych odpowiedzi
Twoja historia wyników
Nie rozwiązałeś tego quizu